00759 2200277 4500001002100000005001500021035002000036007000300056008004100059082001700100084001900117100001600136245002900152250005200181260004000233300002600273500002800299650003600327020002200363040001700385090002300402850001200425041000800437990001800445990001800463INLIS00000000084467620190321114549 a0010-0319000199ta190321s2011 jbi g d04223a899.2232 a899.2232 AJI g0 aAjip Rosidi1 aGuguritan /cAjip Rosidi aCetakan pertama, Juni 2011/Jumadil AKhir 1432 H aBandung :bKiblat Buku Utama,c2011 a202 halaman ;c20 cm. ateks dalam bahasa Sunda 4aKesusastraan Sunda--xGuguritan a978-979-8001-93-2 aYOPDYOGbind aBTR 899.2232 AJI g aYOPDYOG0 asun a62830-PD/A.18 a62830-PD/A.18